Research on ICDS an Overview (Record no. 40752)

MARC details
000 -LEADER
fixed length control field 00319nam a22001337a 4500
003 - CONTROL NUMBER IDENTIFIER
control field OSt
008 - FIXED-LENGTH DATA ELEMENTS--GENERAL INFORMATION
fixed length control field 240709b |||||||| |||| 00| 0 eng d
082 ## - DEWEY DECIMAL CLASSIFICATION NUMBER
Classification number 362.70954
Item number P93R
100 ## - MAIN ENTRY--PERSONAL NAME
Personal name NIPC&CD, N. Delhi
245 ## - TITLE STATEMENT
Title Research on ICDS an Overview
260 ## - PUBLICATION, DISTRIBUTION, ETC. (IMPRINT)
Place of publication, distribution, etc NIPC&CD, N. Delhi
Date of publication, distribution, etc 1989
300 ## - PHYSICAL DESCRIPTION
Extent 507
942 ## - ADDED ENTRY ELEMENTS (KOHA)
Source of classification or shelving scheme
Koha item type Report & Other Documents
Holdings
Withdrawn status Lost status Source of classification or shelving scheme Damaged status Not for loan Home library Current library Date acquired Total Checkouts Full call number Barcode Date last seen Bill Date Koha item type
          Dr. Rajendra Prasad Central Agricultural University Pusa, Dr. Rajendra Prasad Central Agricultural University Pusa, 09/07/2024   362.70954 P93R 42541 09/07/2024 09/07/2024 Report & Other Documents
Hosted, Implemented, Customized & Maintained by: BestBookBuddies

Powered by Koha